Á lódáil...
Mekhala /
| Príomhúdar: | |
|---|---|
| Formáid: | Printed Book |
| Teanga: | Malayalam |
| Foilsithe: |
Kottayam :
National Book Stall ,
1985.
|
| Ábhair: |
| LEADER | 00491nam a2200145Ia 4500 | ||
|---|---|---|---|
| 008 | 150624b xxu||||| |||| 00| d mal d | ||
| 082 | |a 852.V10 | ||
| 100 | |a Vijayan, S. Kallunaadu | ||
| 245 | |c S. Kallunaadu Vijayan |a Mekhala / | ||
| 260 | |a Kottayam : |b National Book Stall , |c 1985. | ||
| 546 | |a In Malayalam. | ||
| 650 | |v Drama | ||
| 942 | |c BK | ||
| 999 | |c 79970 |d 79970 | ||
| 952 | |0 0 |1 0 |4 0 |6 852_000000000000000_V10_MEK_M |7 0 |9 79914 |a UL |b UL |c ST2 |d 1998-08-28 |l 0 |o 852.V10 MEK M |p 55515 |r 2012-10-27 |w 2012-10-27 |y BK | ||